[Event "Schachfestival 2014"]
[Site "Bad Wörishofen"]
[Date "2014.03.22"]
[Round "3.64"]
[White "Forster, Rudolf"]
[Black "Gorse, Gerald"]
[Result "1/2-1/2"]
[WhiteElo "1786"]
[BlackElo "2036"]
[Annotator "chessorg"]
[PlyCount "55"]
[EventDate "2014.??.??"]
[WhiteTeam "SK Friedberg im GSV"]
[BlackTeam "SC Freiburg-ZÃ¤hringen"]

1. e4 c6 2. g3 d5 3. Nc3 d4 4. Nce2 e5 5. d3 c5 6. Bg2 Nc6 7. f4 Bd6 8. Nf3
Nge7 9. f5 f6 10. a4 Bd7 11. g4 h6 12. Ng3 Qc7 13. Bd2 O-O-O 14. Nh5 Rdg8 15.
c3 Kb8 16. O-O Be8 17. Be1 dxc3 18. bxc3 Bf7 19. Rf2 Rd8 20. c4 a5 21. h3 Rhg8
22. Rb2 Nb4 23. Qb3 Nec6 24. Ng3 Be7 25. Bf1 Rh8 26. h4 Nd4 27. Nxd4 exd4 28.
h5 1/2-1/2

[Event "Schachfestival 2014"]
[Site "Bad Wörishofen"]
[Date "2014.03.22"]
[Round "3.70"]
[White "Goris, Ton"]
[Black "Plug, Arjan"]
[Result "1/2-1/2"]
[WhiteElo "2006"]
[BlackElo "1879"]
[Annotator "chessorg"]
[PlyCount "46"]
[EventDate "2014.??.??"]
[BlackTeam "Daniel Noteboom"]

1. e4 e6 2. d4 d5 3. e5 c5 4. c3 Qb6 5. Nf3 Bd7 6. a3 cxd4 7. cxd4 Bb5 8. Qb3
Bxf1 9. Qxb6 axb6 10. Rxf1 Nc6 11. Nc3 Bb4 12. Bd2 Bxc3 13. Bxc3 Nge7 14. Ke2
h6 15. Kd3 Kd7 16. Nd2 Rhc8 17. f4 g6 18. g4 h5 19. h3 Rh8 20. Rh1 Rh6 21. Nf3
Rah8 22. g5 R6h7 23. Nh4 Ra8 1/2-1/2

[Event "Schachfestival 2014"]
[Site "Bad Wörishofen"]
[Date "2014.03.22"]
[Round "3.73"]
[White "Engl, Heinz"]
[Black "Margraf, Christoph"]
[Result "0-1"]
[WhiteElo "2084"]
[BlackElo "1937"]
[Annotator "chessorg"]
[PlyCount "80"]
[EventDate "2014.??.??"]
[WhiteTeam "DBSB"]
[BlackTeam "SC Ansbach 1855"]

1. e4 e5 2. Nf3 Nc6 3. Bc4 Nf6 4. d3 Bc5 5. O-O d6 6. h3 Ne7 7. c3 Be6 8. Bxe6
fxe6 9. Ng5 Qd7 10. b4 Bb6 11. a4 a5 12. Qb3 d5 13. Re1 Ng6 14. exd5 exd5 15.
d4 e4 16. Nf3 O-O 17. Nh2 c6 18. bxa5 Bc7 19. Nd2 Kh8 20. Ndf1 Nh5 21. c4 Nhf4
22. cxd5 cxd5 23. Bxf4 Nxf4 24. Ra2 Rxa5 25. f3 Nd3 26. Rb1 b6 27. Ne3 Qd6 28.
Nef1 Qf6 29. Qc3 Rc5 30. Qa1 Rc4 31. Ng4 Qf4 32. Nge3 exf3 33. Nxc4 f2+ 34. Kh1
dxc4 35. Qc3 Rf6 36. Re2 g5 37. Qxc4 Ne1 38. Rbb2 Qh2+ 39. Nxh2 f1=Q+ 40. Nxf1
Rxf1# 0-1

[Event "Schachfestival 2014"]
[Site "Bad Wörishofen"]
[Date "2014.03.22"]
[Round "3.74"]
[White "Riegler, Dieter"]
[Black "Ries, Berthold"]
[Result "1/2-1/2"]
[WhiteElo "2078"]
[BlackElo "1914"]
[Annotator "chessorg"]
[PlyCount "45"]
[EventDate "2014.??.??"]
[WhiteTeam "DBSB"]
[BlackTeam "SU Ebersberg-Grafing"]

1. d4 Nf6 2. c4 e6 3. Nf3 Bb4+ 4. Bd2 Qe7 5. g3 O-O 6. Bg2 Bxd2+ 7. Qxd2 d5 8.
Nc3 c6 9. b3 b6 10. O-O Nbd7 11. Rac1 Ba6 12. cxd5 cxd5 13. Rc2 Rac8 14. Rfc1
Qd6 15. Ne1 Nb8 16. e4 dxe4 17. Nxe4 Nxe4 18. Bxe4 Rxc2 19. Rxc2 Nd7 20. Rc6
Qb8 21. Qc2 Nf6 22. Bf3 Rd8 23. Qc3 1/2-1/2

[Event "Schachfestival 2014"]
[Site "Bad Wörishofen"]
[Date "2014.03.22"]
[Round "3.90"]
[White "Nieland, Klaus"]
[Black "Spanton, Tim"]
[Result "0-1"]
[WhiteElo "1711"]
[BlackElo "1949"]
[Annotator "chessorg"]
[PlyCount "58"]
[EventDate "2014.??.??"]
[WhiteTeam "Schachklub Germering e. V."]
[BlackTeam "Hastings"]

1. b4 e5 2. b5 a6 3. c4 axb5 4. cxb5 d5 5. Bb2 Bd6 6. Nf3 f6 7. e3 Ne7 8. Be2
Be6 9. d4 e4 10. Nfd2 O-O 11. Nc3 Nd7 12. Qb3 f5 13. a4 c5 14. dxc5 Nxc5 15.
Qc2 Qc7 16. g3 Be5 17. Nb3 Nxa4 18. Nd4 Nxb2 19. Rxa8 Rxa8 20. Qxb2 Bxd4 21.
exd4 f4 22. O-O f3 23. b6 Qd6 24. Nb5 Qxb6 25. Bxf3 exf3 26. Re1 Ra5 27. Qb4
Nc6 28. Qd6 Bf7 29. Nc7 Qb4 0-1

[Event "Schachfestival 2014"]
[Site "Bad Wörishofen"]
[Date "2014.03.22"]
[Round "3.97"]
[White "D Aste, Federico"]
[Black "Natterer, Winfried"]
[Result "0-1"]
[WhiteElo "1479"]
[BlackElo "1831"]
[Annotator "chessorg"]
[PlyCount "72"]
[EventDate "2014.??.??"]

1. e4 e6 2. Qe2 c5 3. f4 Be7 4. Qg4 g6 5. b3 Bf6 6. e5 Bg7 7. Bb2 d5 8. d4 b6
9. Nd2 Nh6 10. Bb5+ Nd7 11. Qe2 O-O 12. Ngf3 Nf5 13. O-O-O a6 14. Bc6 Ra7 15.
Bxd7 Bxd7 16. h4 Ng3 17. Qf2 Nxh1 18. Rxh1 h6 19. g4 Bc8 20. Qg3 Qc7 21. h5 Qd7
22. hxg6 fxg6 23. Nh4 Qf7 24. Rf1 Rc7 25. f5 gxf5 26. gxf5 exf5 27. Ng6 Re8 28.
Nf3 Be6 29. Nfh4 Kh7 30. Rf4 Rg8 31. Qf3 Qe8 32. Qh5 Rc6 33. Nxf5 Bxf5 34. Qxf5
Qxg6 35. Qd7 cxd4 36. Rf2 Qg1+ 0-1

[Event "Schachfestival 2014"]
[Site "Bad Wörishofen"]
[Date "2014.03.23"]
[Round "4.1"]
[White "Kveinys, Aloyzas"]
[Black "Skembris, Spyridon"]
[Result "1/2-1/2"]
[WhiteElo "2530"]
[BlackElo "2449"]
[Annotator "chessorg"]
[PlyCount "20"]
[EventDate "2014.??.??"]
[BlackTeam "SK Freiburg Zaehringen 1887 e.V."]

1. d4 Nf6 2. Nf3 e6 3. c4 b6 4. a3 Bb7 5. Nc3 Ne4 6. Nxe4 Bxe4 7. Nd2 Bb7 8. e4
Qf6 9. d5 Bc5 10. Nf3 Qg6 1/2-1/2

[Event "Schachfestival 2014"]
[Site "Bad Wörishofen"]
[Date "2014.03.23"]
[Round "4.2"]
[White "Ivanov, Mikhail M"]
[Black "Nikolov, Momchil"]
[Result "1/2-1/2"]
[WhiteElo "2367"]
[BlackElo "2515"]
[Annotator "chessorg"]
[PlyCount "25"]
[EventDate "2014.??.??"]

1. Nf3 Nf6 2. c4 b6 3. g3 Bb7 4. Bg2 e6 5. O-O Be7 6. Nc3 O-O 7. d4 Ne4 8. Nxe4
Bxe4 9. Bf4 d6 10. Qd2 Nd7 11. Rfd1 Bf6 12. Rac1 Re8 13. b4 1/2-1/2

[Event "Schachfestival 2014"]
[Site "Bad Wörishofen"]
[Date "2014.03.23"]
[Round "4.4"]
[White "Singer, Christoph"]
[Black "Naumkin, Igor"]
[Result "1-0"]
[WhiteElo "2344"]
[BlackElo "2477"]
[Annotator "chessorg"]
[PlyCount "91"]
[EventDate "2014.??.??"]
[WhiteTeam "FC Bayern Muenchen e.V."]

1. e4 e6 2. d4 d5 3. Nd2 a6 4. Ngf3 c5 5. exd5 exd5 6. Be2 Nf6 7. O-O Be7 8.
dxc5 Bxc5 9. Nb3 Ba7 10. Bg5 O-O 11. c3 Re8 12. Nfd4 Qd6 13. Bxf6 Qxf6 14. Bf3
Rd8 15. Re1 Qd6 16. Qe2 g6 17. Rad1 Nd7 18. c4 Nf6 19. cxd5 Bd7 20. Qe7 Bg4 21.
Qxb7 Bxd4 22. Rxd4 Bxf3 23. gxf3 Re8 24. Red1 Rac8 25. Qb4 Qe5 26. d6 Qg5+ 27.
Kf1 Qh5 28. d7 Nxd7 29. Rxd7 Qxf3 30. Qb7 Rc6 31. Kg1 Qg4+ 32. Kf1 Qh3+ 33. Kg1
Rce6 34. Rd8 Kg7 35. Qb4 Rxd8 36. Rxd8 Qf5 37. Qd4+ Kh6 38. Qh4+ Kg7 39. Qd4+
Kh6 40. Rd5 Qb1+ 41. Kg2 Qxa2 42. Qd2+ Kg7 43. Qc3+ Kh6 44. Rd3 g5 45. Qc2 Kg7
46. Rd5 1-0

[Event "Schachfestival 2014"]
[Site "Bad Wörishofen"]
[Date "2014.03.23"]
[Round "4.5"]
[White "Karpatchev, Alexandr"]
[Black "Pirrot, Dieter"]
[Result "1/2-1/2"]
[WhiteElo "2464"]
[BlackElo "2379"]
[Annotator "chessorg"]
[PlyCount "30"]
[EventDate "2014.??.??"]
[BlackTeam "SV 1920 Hofheim"]

1. e4 Nf6 2. e5 Nd5 3. Nc3 e6 4. Nxd5 exd5 5. d4 d6 6. Bf4 dxe5 7. dxe5 c5 8.
Nf3 Nc6 9. c3 h6 10. h3 Be6 11. Be2 Be7 12. Bg3 Qb6 13. Qb3 Qxb3 14. axb3 O-O
15. O-O a6 1/2-1/2

[Event "Schachfestival 2014"]
[Site "Bad Wörishofen"]
[Date "2014.03.23"]
[Round "4.6"]
[White "Raghavi, N."]
[Black "Epishin, Vladimir"]
[Result "1/2-1/2"]
[WhiteElo "2213"]
[BlackElo "2545"]
[Annotator "chessorg"]
[PlyCount "79"]
[EventDate "2014.??.??"]

1. e4 c6 2. d4 d6 3. Nc3 Nd7 4. Nf3 e5 5. Bc4 Be7 6. O-O h6 7. Re1 Ngf6 8. a4
O-O 9. d5 cxd5 10. Nxd5 Nxd5 11. Bxd5 Nb6 12. Bb3 Be6 13. c3 Qc8 14. Bc2 Qc7
15. Bd2 Nc4 16. b3 Nxd2 17. Qxd2 a5 18. Qd3 g6 19. c4 Kg7 20. Nd2 Qc5 21. Rad1
f5 22. Qe3 b6 23. Nb1 f4 24. Qxc5 bxc5 25. Rd3 h5 26. Nc3 Rad8 27. Bd1 Kh6 28.
Be2 Rd7 29. Red1 g5 30. Nb5 Rfd8 31. Kf1 g4 32. Kg1 Kg5 33. Nc3 Rg8 34. Nb5
Rgd8 35. Nc3 Kf6 36. Nb5 h4 37. f3 g3 38. h3 Rb7 39. R1d2 Rbd7 40. Bd1 1/2-1/2

[Event "Schachfestival 2014"]
[Site "Bad Wörishofen"]
[Date "2014.03.23"]
[Round "4.7"]
[White "Mihajlov, Sebastian"]
[Black "Chatalbashev, Boris"]
[Result "0-1"]
[WhiteElo "2207"]
[BlackElo "2521"]
[Annotator "chessorg"]
[PlyCount "80"]
[EventDate "2014.??.??"]
[WhiteTeam "OSS(Oslo)"]

1. d4 d6 2. e4 Nf6 3. Nc3 g6 4. Nf3 Bg7 5. Be2 O-O 6. O-O Bg4 7. h3 Bxf3 8.
Bxf3 Nc6 9. Be3 e5 10. dxe5 Nxe5 11. Qe2 Re8 12. Rfe1 c6 13. Rad1 b5 14. Bd4
Qc7 15. g3 Nxf3+ 16. Qxf3 Re6 17. a3 Rae8 18. Re2 a5 19. Rde1 b4 20. axb4 axb4
21. Nd1 Nxe4 22. Bxg7 Ng5 23. Qd3 Kxg7 24. Rxe6 Rxe6 25. Rxe6 Nxe6 26. Ne3 d5
27. c3 Qe5 28. f4 Nc5 29. Qe2 Qe4 30. cxb4 Qxb4 31. Kh2 Qe4 32. Qd2 Ne6 33. Nc2
c5 34. b4 cxb4 35. Nxb4 Nd4 36. Qc3 Kh6 37. Qd3 Nf3+ 38. Kh1 Qxb4 39. Qxf3 Qe4
40. Kg2 Kg7 0-1

[Event "Schachfestival 2014"]
[Site "Bad Wörishofen"]
[Date "2014.03.23"]
[Round "4.8"]
[White "Teske, Henrik"]
[Black "Seyfried, Claus"]
[Result "1-0"]
[WhiteElo "2519"]
[BlackElo "2208"]
[Annotator "chessorg"]
[PlyCount "52"]
[EventDate "2014.??.??"]
[WhiteTeam "SV Glueck auf Ruedersdorf e.V."]

1. e4 e6 2. d4 d5 3. Nc3 Nf6 4. Bg5 Bb4 5. e5 h6 6. Be3 Ne4 7. Nge2 c5 8. a3
cxd4 9. Bxd4 Nxc3 10. Nxc3 Be7 11. f4 Nc6 12. Bf2 O-O 13. Qd2 f6 14. exf6 Bxf6
15. Bc5 Rf7 16. Be2 b6 17. Bf2 Bb7 18. O-O Rc8 19. Bg4 Re7 20. Rad1 Na5 21. Qe2
Qe8 22. Bd4 e5 23. fxe5 Bxe5 24. Qf2 Rc4 25. Bf3 Qd8 26. Nxd5 Rxd4 1-0

[Event "Schachfestival 2014"]
[Site "Bad Wörishofen"]
[Date "2014.03.23"]
[Round "4.9"]
[White "Mainka, Romuald"]
[Black "Kannenberg, Karl-Heinz"]
[Result "0-1"]
[WhiteElo "2416"]
[BlackElo "2205"]
[Annotator "chessorg"]
[PlyCount "119"]
[EventDate "2014.??.??"]
[WhiteTeam "Schachclub Hansa Dortmund e.V."]
[BlackTeam "SC Kitzingen von 1905"]

1. f4 d5 2. Nf3 Nf6 3. g3 g6 4. Bg2 Bg7 5. O-O O-O 6. d3 c5 7. Qe1 d4 8. Na3
Nd5 9. Bd2 Nc6 10. c3 Rb8 11. Nc4 b6 12. Rc1 Bb7 13. Qf2 Nf6 14. h3 e6 15. cxd4
cxd4 16. Nce5 Nxe5 17. Nxe5 Bxg2 18. Qxg2 Rc8 19. Qb7 Rxc1 20. Rxc1 Qa8 21. Rc7
Nd5 22. Qxa8 Rxa8 23. Rc4 f6 24. Nf3 e5 25. Kf2 h6 26. Rc6 Rd8 27. fxe5 fxe5
28. Rxg6 Ne7 29. Rg4 Nf5 30. Nxe5 Rc8 31. Nf3 Rc2 32. Bf4 Kf7 33. Be5 Rxb2 34.
Bxg7 Nxg7 35. Rxd4 Rxa2 36. Rd7+ Kf8 37. Rb7 Nf5 38. g4 Nd6 39. Rd7 Nf7 40. Ke3
b5 41. Nd4 b4 42. Ke4 b3 43. Nxb3 Rxe2+ 44. Kf4 Rf2+ 45. Kg3 Re2 46. Nd4 Re3+
47. Kf4 Rxh3 48. Nf5 Ke8 49. Re7+ Kf8 50. d4 Ng5 51. Rxa7 Rh1 52. Ra8+ Kf7 53.
Nxh6+ Rxh6 54. Kxg5 Rd6 55. Ra7+ Kg8 56. Ra4 Kf7 57. Kf4 Rf6+ 58. Ke3 Re6+ 59.
Kd3 Rd6 60. Ra5 0-1

[Event "Schachfestival 2014"]
[Site "Bad Wörishofen"]
[Date "2014.03.23"]
[Round "4.12"]
[White "Krauss, Josef"]
[Black "Estremera, Sergio"]
[Result "0-1"]
[WhiteElo "2188"]
[BlackElo "2353"]
[Annotator "chessorg"]
[PlyCount "80"]
[EventDate "2014.??.??"]
[WhiteTeam "Schachklub Schweinfurt 2000 e.V."]

1. e4 c5 2. c3 Nf6 3. e5 Nd5 4. Nf3 e6 5. Bc4 d6 6. d4 cxd4 7. cxd4 Nc6 8. O-O
Be7 9. Qe2 O-O 10. Rd1 Bd7 11. Nbd2 Na5 12. exd6 Bxd6 13. Ne5 Rc8 14. Bd3 Nf4
15. Qe4 Nxd3 16. Qxd3 Ba4 17. Nb3 Bxe5 18. dxe5 Qxd3 19. Rxd3 Bxb3 20. axb3
Rfd8 21. Rxd8+ Rxd8 22. Bg5 Nxb3 23. Bxd8 Nxa1 24. Be7 Nb3 25. Kf1 Nd2+ 26. Ke2
Nc4 27. Bc5 Nxe5 28. Bxa7 f6 29. Bd4 Nc6 30. Bc3 Kf7 31. Kd3 b5 32. Ke4 f5+ 33.
Kf4 b4 34. Bd2 Kf6 35. Ke3 Ke5 36. Kd3 Kd5 37. f3 e5 38. h4 e4+ 39. fxe4+ fxe4+
40. Ke3 Nd4 0-1

[Event "Schachfestival 2014"]
[Site "Bad Wörishofen"]
[Date "2014.03.23"]
[Round "4.13"]
[White "Friedrich, Norbert"]
[Black "Müller, Werner"]
[Result "1/2-1/2"]
[WhiteElo "2316"]
[BlackElo "2172"]
[Annotator "chessorg"]
[PlyCount "54"]
[EventDate "2014.??.??"]
[WhiteTeam "Waldshut-Tiengen"]
[BlackTeam "SK GÃ¶ggingen 1908"]

1. e4 d6 2. d4 Nf6 3. Nc3 g6 4. Nf3 Bg7 5. Be2 O-O 6. O-O Nc6 7. d5 Nb8 8. Re1
c6 9. a4 a5 10. Nd4 Qc7 11. Bf4 Nfd7 12. Qd2 Na6 13. Bh6 Nb4 14. Nf5 Bxh6 15.
Nxh6+ Kg7 16. Ng4 Ne5 17. Qh6+ Kg8 18. Ne3 Qb6 19. Ncd1 Bd7 20. Kh1 cxd5 21.
exd5 Qd4 22. f4 Qd2 23. Qh4 Ng4 24. Bxg4 Bxg4 25. Nxg4 Nxc2 26. Rxe7 Nxa1 27.
Nh6+ Kg7 1/2-1/2

[Event "Schachfestival 2014"]
[Site "Bad Wörishofen"]
[Date "2014.03.23"]
[Round "4.15"]
[White "Seidler, Lukas"]
[Black "Schulze, Ulrich"]
[Result "0-1"]
[WhiteElo "2177"]
[BlackElo "2296"]
[Annotator "chessorg"]
[PlyCount "42"]
[EventDate "2014.??.??"]
[WhiteTeam "TSV Schott Mainz"]
[BlackTeam "SC Bretten"]

1. e4 c6 2. d4 d5 3. Nc3 dxe4 4. Nxe4 Bf5 5. Ng3 Bg6 6. Nf3 Nd7 7. h4 h6 8. h5
Bh7 9. Bd3 Bxd3 10. Qxd3 e6 11. Bd2 Ngf6 12. O-O-O Be7 13. Kb1 Qb6 14. Rde1 Rd8
15. Re2 c5 16. d5 Nxd5 17. Nf5 Bf6 18. Qa3 O-O 19. Ba5 Qa6 20. Bxd8 Qxa3 21.
bxa3 Nc3+ 0-1

[Event "Schachfestival 2014"]
[Site "Bad Wörishofen"]
[Date "2014.03.23"]
[Round "4.17"]
[White "Dehlinger, Alexander"]
[Black "Comes, Bruno"]
[Result "1-0"]
[WhiteElo "2266"]
[BlackElo "2150"]
[Annotator "chessorg"]
[PlyCount "55"]
[EventDate "2014.??.??"]
[WhiteTeam "SC Garching"]
[BlackTeam "SC Wittlich 1947"]

1. Nf3 f5 2. g3 Nf6 3. Bg2 g6 4. d4 Bg7 5. O-O O-O 6. c4 d6 7. Nc3 Qe8 8. Re1
Qf7 9. e4 Qxc4 10. exf5 Bxf5 11. Rxe7 Nbd7 12. Bf1 Qb4 13. a3 Qb6 14. Na4 Qc6
15. Qb3+ d5 16. Nc3 Rae8 17. Bb5 Qb6 18. Na4 Qd6 19. Rxe8 Nxe8 20. Bf4 Qe6 21.
Re1 Be4 22. Ng5 Qf5 23. Bxd7 Qxd7 24. Rxe4 h6 25. Nf3 Kh7 26. Re1 Qg4 27. Ne5
Qh3 28. Qxd5 1-0

[Event "Schachfestival 2014"]
[Site "Bad Wörishofen"]
[Date "2014.03.23"]
[Round "4.18"]
[White "Mihajlov, Svetoslav"]
[Black "Wichmann, Cliff"]
[Result "0-1"]
[WhiteElo "2130"]
[BlackElo "2368"]
[Annotator "chessorg"]
[PlyCount "68"]
[EventDate "2014.??.??"]
[WhiteTeam "Oslo OSS "]
[BlackTeam "ESV Nickelhuette Aue"]

1. d4 d5 2. Nf3 Nf6 3. c4 e6 4. Bg5 h6 5. Bh4 Bb4+ 6. Nc3 c5 7. Bxf6 Qxf6 8.
cxd5 exd5 9. e3 O-O 10. Be2 cxd4 11. Qxd4 Qxd4 12. Nxd4 Nc6 13. O-O-O Be6 14.
Nc2 Bxc3 15. bxc3 Rac8 16. Kb2 Ne5 17. f4 Nd7 18. Rd4 Rc5 19. g4 Nb6 20. f5 Bd7
21. Nb4 Rfc8 22. Rc1 Na4+ 23. Ka1 Rxc3 24. Rxc3 Rxc3 25. Bd3 Bc6 26. Bb1 Nb6
27. e4 Rc5 28. exd5 Nxd5 29. Nxc6 bxc6 30. Ra4 a5 31. Re4 Kf8 32. Re5 Rc1 33.
Kb2 Rh1 34. Re2 Rxb1+ 0-1

[Event "Schachfestival 2014"]
[Site "Bad Wörishofen"]
[Date "2014.03.23"]
[Round "4.19"]
[White "Lochte, Thomas"]
[Black "Cocchi, Andrea"]
[Result "0-1"]
[WhiteElo "2106"]
[BlackElo "2321"]
[Annotator "chessorg"]
[PlyCount "80"]
[EventDate "2014.??.??"]
[BlackTeam "CSB"]

1. e4 c6 2. d4 d5 3. e5 c5 4. c3 Nc6 5. Nf3 Bg4 6. Be2 e6 7. O-O Nh6 8. dxc5
Bxc5 9. b4 Be7 10. Nd4 Bxe2 11. Qxe2 Nxd4 12. cxd4 Nf5 13. Be3 O-O 14. a3 Rc8
15. Nd2 Rc3 16. Nb1 Rc6 17. f4 Qc7 18. Bf2 Rc2 19. Qd1 Rc8 20. Nd2 Qc3 21. Nf3
Ne3 22. Bxe3 Qxe3+ 23. Kh1 Qxf4 24. Qd3 R8c4 25. Ne1 Rf2 26. Rxf2 Qxf2 27. Nf3
Rc2 28. Rg1 g5 29. Qb5 g4 30. Qe8+ Bf8 31. h3 g3 32. Qa4 Re2 33. Qb3 h6 34. Qd3
Be7 35. Qc3 Kg7 36. b5 Re3 37. Qc7 Bg5 38. h4 Rxf3 39. hxg5 hxg5 40. gxf3 Qh2#
0-1

[Event "Schachfestival 2014"]
[Site "Bad Wörishofen"]
[Date "2014.03.23"]
[Round "4.20"]
[White "Seifert, Volker"]
[Black "Partenheimer, Axel"]
[Result "1/2-1/2"]
[WhiteElo "2321"]
[BlackElo "2126"]
[Annotator "chessorg"]
[PlyCount "65"]
[EventDate "2014.??.??"]
[WhiteTeam "USV TU Dresden"]
[BlackTeam "Duesseldorfer Schachklub 14/25 e."]

1. d4 d5 2. c4 c6 3. Nc3 Nf6 4. e3 e6 5. Nf3 Nbd7 6. Bd3 dxc4 7. Bxc4 b5 8. Bd3
b4 9. Ne4 Nxe4 10. Bxe4 Bb7 11. Qa4 Qb6 12. O-O Be7 13. Nd2 a5 14. Nc4 Qc7 15.
Bd2 O-O 16. Rfc1 Rfc8 17. a3 Nb6 18. Qc2 Nxc4 19. Qxc4 bxa3 20. bxa3 c5 21.
dxc5 Bxe4 22. Qxe4 Bxc5 23. a4 Qd6 24. Bc3 Bb4 25. Be5 Qe7 26. Rc7 Qd8 27. Qg4
Bf8 28. Rd1 Qe8 29. h4 Rxc7 30. Bxc7 Qc6 31. Be5 Rc8 32. h5 h6 33. Rd4 1/2-1/2

[Event "Schachfestival 2014"]
[Site "Bad Wörishofen"]
[Date "2014.03.23"]
[Round "4.25"]
[White "Hehn, Hartmut"]
[Black "Schelle, Artur"]
[Result "0-1"]
[WhiteElo "2074"]
[BlackElo "2234"]
[Annotator "chessorg"]
[PlyCount "66"]
[EventDate "2014.??.??"]
[WhiteTeam "SV Ebersbach"]
[BlackTeam "SC Tarrasch 45 München"]

1. e4 d6 2. Nf3 g6 3. g3 Bg7 4. Bg2 e5 5. d4 exd4 6. Nxd4 Ne7 7. O-O O-O 8. c3
Nbc6 9. Nxc6 bxc6 10. Be3 Be6 11. Nd2 Qd7 12. Bd4 f6 13. b4 a5 14. a3 Qe8 15.
Qe2 Qf7 16. f4 Rfe8 17. Rfe1 Kf8 18. e5 Bd5 19. Bxd5 cxd5 20. e6 Qg8 21. g4 f5
22. Nb3 axb4 23. axb4 Rxa1 24. Rxa1 fxg4 25. Qxg4 Nf5 26. Ra7 Qxe6 27. Bxg7+
Kxg7 28. Rxc7+ Kg8 29. Qd1 Qe3+ 30. Kh1 Qe4+ 31. Kg1 Ne3 32. Qd2 Qxf4 33. Nd4
Qf1# 0-1

[Event "Schachfestival 2014"]
[Site "Bad Wörishofen"]
[Date "2014.03.23"]
[Round "4.28"]
[White "Calzetta, Monica"]
[Black "Muehlbach, Peter"]
[Result "1/2-1/2"]
[WhiteElo "2208"]
[BlackElo "2061"]
[Annotator "chessorg"]
[PlyCount "46"]
[EventDate "2014.??.??"]

1. e4 e5 2. Nf3 Nc6 3. Bb5 a6 4. Ba4 Nf6 5. Qe2 b5 6. Bb3 Be7 7. c3 O-O 8. d4
exd4 9. cxd4 d5 10. e5 Ne4 11. O-O Bg4 12. Rd1 Qd7 13. Nc3 Nxc3 14. bxc3 Na5
15. Bc2 Bf5 16. a4 Nc4 17. h3 Rfb8 18. axb5 axb5 19. Bg5 Bxg5 20. Nxg5 h6 21.
Nf3 Bxc2 22. Qxc2 Ra4 23. Nd2 Nxd2 1/2-1/2

[Event "Schachfestival 2014"]
[Site "Bad Wörishofen"]
[Date "2014.03.23"]
[Round "4.33"]
[White "Hauff, Andre"]
[Black "Kugelmann, Werner"]
[Result "0-1"]
[WhiteElo "1940"]
[BlackElo "2162"]
[Annotator "chessorg"]
[PlyCount "62"]
[EventDate "2014.??.??"]
[WhiteTeam "ESV 1949 Eberswalde e.V."]
[BlackTeam "TSV Wertingen 1862 SAbt"]

1. d4 Nf6 2. c4 g6 3. Nc3 Bg7 4. e4 d6 5. h3 O-O 6. Nf3 Na6 7. Bg5 c6 8. Be2
Qc7 9. O-O e5 10. d5 Nc5 11. Nd2 a5 12. Rc1 Nfd7 13. g4 f5 14. exf5 gxf5 15.
gxf5 Rxf5 16. Nde4 Nxe4 17. Nxe4 Nc5 18. Bg4 Nxe4 19. Bxf5 Bxf5 20. Qh5 Nxg5
21. Qxg5 Bxh3 22. Rfe1 Rf8 23. Rc3 Bf5 24. Rg3 Bg6 25. b3 cxd5 26. cxd5 Qf7 27.
Rg2 Kh8 28. Qd2 b6 29. Rc1 Be4 30. Rh2 Qg6+ 31. Kf1 Bd3+ 0-1

[Event "Schachfestival 2014"]
[Site "Bad Wörishofen"]
[Date "2014.03.23"]
[Round "4.41"]
[White "Babar, Michael"]
[Black "Fiedler, Wolfgang"]
[Result "1-0"]
[WhiteElo "2170"]
[BlackElo "2012"]
[Annotator "chessorg"]
[PlyCount "65"]
[EventDate "2014.??.??"]
[WhiteTeam "Schachclub Hansa Dortmund e.V."]
[BlackTeam "SK Zirndorf e.V."]

1. Nf3 Nf6 2. c4 c5 3. Nc3 g6 4. e4 d6 5. d4 cxd4 6. Nxd4 Bg7 7. f3 Nc6 8. Be3
Bd7 9. Qd2 h5 10. Be2 Qa5 11. O-O Qd8 12. Nxc6 Bxc6 13. b4 O-O 14. a4 a5 15. b5
Bd7 16. Rac1 b6 17. Nd5 Rb8 18. Bg5 Nxd5 19. cxd5 Re8 20. Rc2 Rc8 21. Rfc1 Rxc2
22. Rxc2 Qb8 23. Be3 Rc8 24. Qc1 Rxc2 25. Qxc2 Bf6 26. Bf1 e5 27. dxe6 Bxe6 28.
Qc6 Bb3 29. Qxb6 Qxb6 30. Bxb6 Bc3 31. Bf2 Bxa4 32. b6 Bc6 33. Ba6 1-0

[Event "Schachfestival 2014"]
[Site "Bad Wörishofen"]
[Date "2014.03.23"]
[Round "4.48"]
[White "Weisenburger, Horst"]
[Black "Beulertz, Stefan"]
[Result "1-0"]
[WhiteElo "2116"]
[BlackElo "1979"]
[Annotator "chessorg"]
[PlyCount "61"]
[EventDate "2014.??.??"]
[WhiteTeam "SC BÃ¶blingen"]
[BlackTeam "Schachclub Werl 1981 e.V."]

1. Nf3 e6 2. g3 f5 3. Bg2 Nf6 4. O-O Be7 5. d4 O-O 6. c4 d6 7. Nc3 Ne4 8. Qb3
Nxc3 9. Qxc3 a5 10. h4 Bf6 11. Bg5 Nd7 12. Rad1 h6 13. Be3 Qe8 14. Qc2 Qh5 15.
Nh2 Rb8 16. Bf3 Qe8 17. Bd2 b6 18. e4 fxe4 19. Bxe4 Bxd4 20. Bxh6 c5 21. Bh7+
Kh8 22. Bg6 Qe7 23. Bg5 Bf6 24. f4 Kg8 25. Ng4 Rd8 26. Bh7+ Kh8 27. Bd3 Nf8 28.
Qe2 Kg8 29. Bxf6 gxf6 30. Nh6+ Kg7 31. Nf5+ 1-0

[Event "Schachfestival 2014"]
[Site "Bad Wörishofen"]
[Date "2014.03.23"]
[Round "4.49"]
[White "Völz, Stephan"]
[Black "Stümer, Paul"]
[Result "1/2-1/2"]
[WhiteElo "1942"]
[BlackElo "2091"]
[Annotator "chessorg"]
[PlyCount "37"]
[EventDate "2014.??.??"]
[WhiteTeam "SVM Wilkau HaÃŸlau"]
[BlackTeam "Schachverein Bergneustadt/Dersch"]

1. d4 Nf6 2. Nf3 b6 3. Bf4 Bb7 4. e3 e6 5. Be2 Be7 6. h3 O-O 7. O-O c5 8. c3 d6
9. Nbd2 Nbd7 10. a4 a6 11. Re1 Re8 12. Nc4 Ne4 13. Bd3 d5 14. Nce5 Nxe5 15.
Bxe5 Qc8 16. Nd2 f6 17. Bh2 Nxd2 18. Qxd2 f5 19. Be5 1/2-1/2

[Event "Schachfestival 2014"]
[Site "Bad Wörishofen"]
[Date "2014.03.23"]
[Round "4.54"]
[White "Auschkalnis, Reinhard"]
[Black "Gehrmann, Ulrich"]
[Result "0-1"]
[WhiteElo "1814"]
[BlackElo "2046"]
[Annotator "chessorg"]
[PlyCount "38"]
[EventDate "2014.??.??"]
[WhiteTeam "Schachclub Bonn Beuel"]
[BlackTeam "Oberbilker Schachverein 1960"]

1. Nf3 d5 2. c4 d4 3. e3 Nc6 4. d3 e5 5. exd4 Nxd4 6. Nxd4 Qxd4 7. Nc3 Bc5 8.
Be3 Qd6 9. Bxc5 Qxc5 10. Nd5 Be6 11. Qa4+ Bd7 12. Qb3 O-O-O 13. Qc3 Ne7 14.
Nxe7+ Qxe7 15. O-O-O Bf5 16. d4 exd4 17. Rxd4 Rxd4 18. Qxd4 Rd8 19. Qc3 Qe4 0-1

[Event "Schachfestival 2014"]
[Site "Bad Wörishofen"]
[Date "2014.03.23"]
[Round "4.58"]
[White "Busch, Michael"]
[Black "Bruchmann, Norbert"]
[Result "0-1"]
[WhiteElo "1780"]
[BlackElo "2108"]
[Annotator "chessorg"]
[PlyCount "94"]
[EventDate "2014.??.??"]
[WhiteTeam "Schachklub Dornbirn"]
[BlackTeam "Schachgemeinschaft Ennepe-Ruhr-S"]

1. c4 c5 2. Nc3 Nc6 3. g3 g6 4. Bg2 Bg7 5. Nf3 e6 6. d3 Nge7 7. O-O O-O 8. e3
a6 9. a3 Rb8 10. Qc2 d6 11. Rd1 b5 12. cxb5 axb5 13. d4 Qb6 14. Ne4 cxd4 15.
Nxd6 Rd8 16. Ne4 Bb7 17. Qc5 Qxc5 18. Nxc5 Ba8 19. Rb1 dxe3 20. Rxd8+ Rxd8 21.
Bxe3 Nf5 22. Ne1 Nxe3 23. fxe3 Bh6 24. Nc2 Rd2 25. Rc1 Nd4 26. Bxa8 Ne2+ 27.
Kf1 Nxc1 28. Nb4 Bxe3 29. Ne4 Rxh2 30. Nf6+ Kg7 31. Ng4 Rxb2 32. Nxe3 Ne2 33.
Kf2 Nd4+ 34. Kf1 Rb3 35. Nbc2 Nxc2 36. Nxc2 Rc3 37. Nd4 Rxa3 38. Bc6 b4 39. Kf2
e5 40. Nf3 f6 41. Nd2 Rd3 42. Nf1 b3 43. Be4 Rc3 44. Nd2 f5 45. Bb1 e4 46. Nxe4
fxe4 47. Bxe4 Rc2+ 0-1